Pozícia akvaparkov, termálnych a rekreačných kúpalísk v cestovnom ruchu Slovenskej republiky diplomová práca

Salvato in:
Dettagli Bibliografici
Autore principale: Píšová, Dominika
Ente Autore: Obchodná fakulta EU. Katedra služieb a cestovného ruchu - zrušené
Altri autori: Eliašová, Darina
Natura: Libro
Lingua:slovacco
Pubblicazione: Bratislava 2011
Tags: Aggiungi Tag
Nessun Tag, puoi essere il primo ad aggiungerne!!

MARC

LEADER 00000nbm a2200000 4500
001 0140297
005 20161109101924.6
041 0 |a slo 
044 |a SK 
245 1 0 |a Pozícia akvaparkov, termálnych a rekreačných kúpalísk v cestovnom ruchu Slovenskej republiky  |b diplomová práca  |c Dominika Píšová ; školiteľ: Darina Eliašová 
264 1 |a Bratislava  |c 2011 
300 |a 112 s. 
100 1 |a Píšová, Dominika 
700 1 |a Eliašová, Darina 
710 2 |a Obchodná fakulta EU. Katedra služieb a cestovného ruchu - zrušené